[Event "PRO League Stage"]
[Site "Chess.com INT"]
[Date "2018.02.03"]
[Round "4"]
[White "Spoelman, Wouter"]
[Black "Volodin, Aleksandr"]
[Result "1-0"]
[WhiteElo "2578"]
[BlackElo "2462"]
[PlyCount "61"]
[EventDate "2018.01.18"]
[EventType "team-swiss (rapid)"]
[EventRounds "9"]
[EventCountry "USA"]
[SourceTitle "CBM 182 Extra"]
[Source "ChessBase"]
[SourceDate "2018.02.23"]
[SourceVersion "1"]
[SourceVersionDate "2018.02.23"]
[SourceQuality "1"]
[WhiteTeam "Amsterdam Mosquitos"]
[BlackTeam "Estonia Horses"]
[WhiteTeamCountry "NED"]
[BlackTeamCountry "EST"]

1. c4 c6 2. Nc3 d5 3. e3 Nf6 4. Nf3 e6 5. b3 Be7 6. Bb2 b6 7. d4 Bb7 8. Bd3 Nbd7 9. 0-0 c5 10. cxd5 exd5 11. Ne5 0-0 12. f4 Ne4 13. Nxe4 dxe4 14. Bc4 cxd4 15. Qxd4 Nxe5 16. fxe5 Bc5 17. Qc3 Qe7 18. Rad1 Bc6 19. Rd6 Bxd6 20. exd6 Qg5 21. Rf5 Qg6 22. h4 h6 23. h5 Qg3 24. Rf6 gxf6 25. Qxf6 Kh7 26. Bxf7 Qe1+ 27. Kh2 Qh4+ 28. Qxh4 Rxf7 29. Qg4 Rg8 30. Qe6 Bd7 31. Qxf7+ 1-0

[Event "NED-chT 1718"]
[Site "Netherlands"]
[Date "2017.12.16"]
[Round "5.1"]
[White "Bok, Benjamin"]
[Black "Spoelman, Wouter"]
[Result "1-0"]
[WhiteElo "2620"]
[BlackElo "2586"]
[PlyCount "125"]
[EventDate "2017.09.16"]
[EventType "team-tourn"]
[EventRounds "9"]
[EventCountry "NED"]
[SourceTitle "EXT 2019"]
[Source "ChessBase"]
[SourceDate "2018.10.10"]
[SourceVersion "1"]
[SourceVersionDate "2018.10.10"]
[SourceQuality "1"]
[WhiteTeam "En Passant"]
[BlackTeam "Kennemer Combinatie"]
[WhiteTeamCountry "NED"]
[BlackTeamCountry "NED"]

1. e4 c5 2. Nf3 e6 3. d4 cxd4 4. Nxd4 Nc6 5. Nc3 Qc7 6. Be3 a6 7. Qf3 Bd6 8. 0-0-0 Be5 9. Nxc6 bxc6 10. Bd4 Bxd4 11. Rxd4 Nf6 12. Qe3 e5 13. Rd2 d6 14. f4 Ng4 15. Qg3 exf4 16. Qxf4 Ne5 17. Be2 Be6 18. Rhd1 Rd8 19. Rd4 f6 20. Qd2 Ke7 21. Bxa6 Ra8 22. Ra4 Rhb8 23. b3 Qb6 24. Be2 c5 25. Kb2 c4 26. Qd4 Rxa4 27. Nxa4 Qa6 28. Nc3 Ra8 29. a4 Rb8 30. Nb5 Rxb5 31. axb5 Qxb5 32. Qxd6+ Kf7 33. Bh5+ g6 34. Qc7+ Nd7 35. Be2 c3+ 36. Kxc3 Qxe2 37. Rxd7+ Bxd7 38. Qxd7+ Kf8 39. Qd8+ Kf7 40. Qc7+ Ke8 41. Qc4 Qxg2 42. Qe6+ Kd8 43. Qxf6+ Kc7 44. Qf4+ Kc6 45. e5 g5 46. Qc4+ Kb6 47. Qb4+ Ka7 48. Qe7+ Ka8 49. Qxh7 g4 50. Qg8+ Kb7 51. Qf7+ Kc6 52. Qe6+ Kb7 53. Qd7+ Ka8 54. e6 Qf3+ 55. Kb4 Qf4+ 56. c4 g3 57. hxg3 Qb8+ 58. Ka3 Qc7 59. g4 Qc5+ 60. Ka4 Qc7 61. Qd5+ Kb8 62. Qb5+ Kc8 63. Qd7+ 1-0